Most Powerful Countries By Letter - Statistics

General Stats
  • This quiz has been taken 54 times
  • The average score is 20 of 24
Answer Stats
Letter Power Index Country % Correct
F 0.1878 France
98%
C 0.0788 China
96%
I 0.1184 India
96%
R 0.0788 Russia
96%
U 0.0744 United States
96%
A 0.3298 Australia
92%
D 0.8109 Denmark
92%
G 0.2601 Germany
92%
J 0.1839 Japan
92%
Q 1.4307 Qatar
92%
Y 1.8901 Yemen
90%
Z 2.3411 Zambia
85%
O 1.8047 Oman
83%
P 0.2513 Pakistan
81%
S 0.1656 South Korea
81%
B 0.2415 Brazil
79%
T 0.1902 Türkiye
79%
K 1.1016 Kazakhstan
77%
H 1.0259 Hungary
75%
V 0.4024 Vietnam
75%
M 0.5965 Mexico
73%
N 0.5771 Nigeria
65%
E 0.3427 Egypt
58%
L 1.4449 Libya
52%
No matching quizzes found
Score Distribution
Percent of People with Each Score
Percentile by Number Answered
Your Score History
You have not taken this quiz